[Event "Sonsbeek SNS"]
[Site "Arnhem"]
[Date "1999.05.04"]
[Round "3"]
[White "Kortschnoj, Viktor Lvovich"]
[Black "Xie, Jun"]
[Result "1-0"]
[WhiteElo "2673"]
[BlackElo "2532"]
[Annotator "Stohl,I"]
[PlyCount "67"]
[EventDate "1999.05.??"]
[EventType "tourn"]
[EventRounds "6"]
[EventCountry "NED"]
[EventCategory "14"]
[SourceTitle "CBM 071"]
[Source "ChessBase"]
[SourceDate "1999.08.01"]
[SourceVersion "1"]
[SourceVersionDate "1999.08.01"]
[SourceQuality "1"]

1. d4 {Winants} Nf6 2. c4 g6 3. Nc3 Bg7 4. e4 d6 5. f3 O-O 6. Nge2 {Winants:
'L'une des variantes favorites du champion suisse. Les Blancs accélèrent la
mobilisation du flanc Roi et se réservent la possibilité de mobiliser le Bc1
en e3 ou g5.'} c5 7. d5 e6 8. Ng3 exd5 9. cxd5 a6 ({Black can also embarrass
the white N immediately by} 9... h5 {[%csl Rg3]} 10. Bg5 $142 (10. Be2 h4 (
10... Nbd7 11. Bg5 $1 (11. O-O a6 12. a4 h4 (12... Nh7 $5 13. Be3 h4 14. Nh1 f5
15. Qd2 Qf6 16. f4 Re8 17. Nf2 Ndf8 18. e5 dxe5 19. fxe5 Qxe5 20. Bxc5 Nd7 21.
Nd3 Qf6 22. Bf2 h3 23. g3 b6 24. Rae1 Bb7 25. Bf3 Qd6 $15 {Brunner,L-Xie Jun/
Shanghai m/1995/}) 13. Nh1 Nh5 14. Be3 Bd4 15. Bxd4 cxd4 16. Qxd4 Qg5 17. Rad1
f5 18. exf5 Nf4 19. g3 Rxf5 20. Bd3 Nh3+ 21. Kg2 Nf4+ 22. Kg1 Nh3+ 23. Kg2 Nf4+
{1/2,Spassky,B-Polgar,J/Budapest m/1993/}) 11... Qa5 12. Qd2 a6 13. O-O b5 14.
a4 b4 15. Nd1 c4 16. Rc1 c3 17. bxc3 b3 18. Nb2 Nc5 19. Nc4 Qc7 20. a5 Rb8 21.
Rb1 Bd7 22. Qf4 $16 {Spassky,B-Polgar,J/Budapest m/1993/}) 11. Nf1 Nh7 12. Be3
a6 13. a4 Nd7 14. Nd2 f5 15. exf5 gxf5 16. f4 Ndf6 17. h3 Qe7 18. Kf2 Re8 19.
Nc4 Rb8 20. a5 b5 21. axb6 Nd7 22. Re1 Nxb6 $132 {Kortschnoj,V-Xie Jun/
Roquebrune/1998/} (22... Rxb6 $5 23. Ra2 $13)) 10... Qb6 11. Qb3 (11. Qd2 Nh7
12. Be3 Nd7 13. Nge2 (13. a4 $6 h4 14. Nge2 Ne5 15. Nc1 h3 16. a5 Qd8 17. Qf2
f5 18. Nd3 Nc4 19. e5 hxg2 20. Bxg2 Nxe5 21. Nxe5 Bxe5 22. f4 Bg7 23. Qg3 Re8
24. Kd2 b5 25. Qxg6 b4 26. Nb5 Nf6 27. Bf3 Rxe3 28. Kxe3 a6 $19 {Garmendez
Gonzalez,C-Vera,R/Linares/1992/}) 13... Ne5 14. Nf4 a6 15. Be2 Qa5 16. O-O b5
17. Qc2 Bd7 18. Bd2 Qb6 19. Be3 Nc4 20. Bxc4 bxc4 21. Rab1 Rab8 22. Qd2 Qa5 23.
Nfe2 Rfe8 24. Bh6 Bh8 25. Qf4 Qc7 26. Qg3 Nf6 27. h3 Rb6 $132 {Gulko,
B-Spraggett,K/Hastings/1989/}) 11... Qc7 (11... Qa5 12. Be2 a6 13. O-O b5 14.
Qc2 Nbd7 15. a4 c4 16. Be3 b4 17. Nd1 h4 18. Nh1 Ne5 19. Bxc4 h3 20. Be2 hxg2
21. Kxg2 Bd7 22. Ndf2 Rac8 23. Qb3 Rc7 24. Rfc1 Rfc8 25. Rxc7 Rxc7 26. Ng3 Bb5
27. Bd2 $14 {Dokhoian,Y-Watson,W/BL9394/1994/}) 12. Be2 a6 13. a4 Nh7 14. Be3
Qe7 15. O-O Nd7 16. f4 Bd4 17. Bf2 h4 18. Nh1 g5 19. Qd1 Qf6 20. fxg5 $13 {
1/2,Dreev,A-Topalov,V/Elista olm/1998/}) 10. a4 Nbd7 11. Be2 {Winants: 'Nous
voici arrivés, après une interversion des coups, dans la défense Benoni
moderne. '} ({Le coup} 11. Be3 {Winants servirait ici а illustrer la remarque
précédente, puisque les Noirs parviendraient alors а occuper l'avant-poste sur
la colonne ouverte par} Ne5 {: si} 12. f4 Neg4 {et le Fou doit rebrousser
chemin.}) 11... h5 12. Bg5 Rb8 {In most games Black has tried to free his Q
from the pin as soon as possible, mainly in order to chase away the annoying
Bg5 (Nh7) and get <=> on the >>. (f5,h4)} (12... Qc7 13. Qd2 c4 {Winants:
'afin de conserver le Bg7 après'} (13... Nh7 14. Bh6 Qd8 15. Bxg7 Kxg7 16. O-O
Rb8 17. Rab1 Qa5 18. Rfd1 Qb4 19. Qc2 c4 20. Na2 $16 {Akhsharumova,A-Xie Jun/
Kuala Lumpur/1990/}) (13... Rb8 {-12...Rb8}) (13... Re8 {Winants afin de
conserver le Bg7 après} 14. Bh6 Bh8 $1) 14. O-O Rb8 15. Bh6 h4 16. Nh1 b5 17.
axb5 axb5 18. Nf2 b4 19. Bxg7 Kxg7 20. Na4 Nc5 21. Nxc5 Qxc5 $11 {1/2,
Christiansen,L-Fedorowicz,J/San Francisco/1991/}) (12... Qe8 $143 $6 13. Qd2
Nh7 14. Bh6 Qe5 15. Bxg7 Qxg7 16. Nf1 f5 17. exf5 gxf5 18. Ne3 Kh8 19. Nc4 Qf6
20. O-O Rb8 21. Rfe1 b5 22. axb5 axb5 23. Na5 $16 {[%csl Rb5,Rd6,Rf5,Rh5] ׻,
d6,b5,Ivanchuk,V-Kramnik,V/Las Palmas/1996/}) (12... Qb6 $5 13. Qd2 Nh7 14. a5
Qc7 15. Bh6 b5 16. axb6 Qxb6 17. Bxg7 Kxg7 18. O-O h4 19. Nh1 Rb8 20. Na4 Qb4
21. Qf4 Qd4+ 22. Nf2 Qf6 23. Qd2 Rb4 24. Kh1 Nb6 25. Nc3 h3 26. g3 Nc4 $36 {
Baron Isanta,J-Cifuentes Parada,R/Manresa/1996/}) (12... Qa5 13. Nf1 Re8 14.
Nd2 Ne5 15. O-O Nh7 16. Bh4 g5 17. f4 gxf4 18. Bxh5 Qb4 19. Rb1 Ng6 20. Bf2 b5
21. axb5 axb5 $132 {1/2,Dreev,A-Peng Xiaomin/Elista olm/1998/}) 13. Qd2 Qc7 14.
Bh6 {'!' Winants.} (14. O-O c4 $132) 14... c4 15. Bxg7 Kxg7 16. a5 $5 $146 {
[%mdl 8] A seemingly risky move, White invests a tempo to stop Black's play on
the <<. Winants: 'Pour éviter que les Noirs n'obtiennent une majorité de pions
mobiles sur l'aile Dame après ... b5.'} (16. O-O h4 (16... b5 $5) 17. Nh1 b5
18. axb5 axb5 19. Nf2 Nc5 20. Qg5 b4 21. Na2 Nb3 22. Rad1 $13 {Quinteros,
M-Moreno,J/Villa Ballester/1997/}) 16... h4 (16... Nc5 17. Bxc4 h4 18. Nge2 (
18. Nf1 {-16...h4}) 18... Ncxe4 19. Nxe4 Nxe4 20. Qd4+ Nf6 21. O-O $36) 17. Nf1
Nc5 $132 {Winants: 'Menaçant ...Nb3'} 18. Bxc4 $1 {[]} (18. Qg5 Nb3 19. Ra4
Nxa5 20. Qxh4 b5 $17) 18... Ncxe4 19. fxe4 (19. Nxe4 Nxe4 20. Qd4+ Nf6 {
[%csl Re1][%cal Yf8e8] /\Re8,עe1}) 19... Qxc4 20. Ne3 Qc5 (20... Qb4 21. Ra4
$36) 21. Qf2 {Winants: 'Tous ces coups étaient plus ou moins forcés. Avec Qf2,
Korchnoï entame les hostilités contre les cases noires affaiblies depuis
l'échange du Bg7.'} (21. O-O $5 Ng4 22. Ncd1 $14 {/\} Re8 23. Rc1 Qa7 24. Rc7
$40) 21... b5 (21... b6 $142 $5 22. h3 (22. O-O Ng4 23. Nxg4 Bxg4 24. axb6 Qxb6
$11) 22... bxa5 23. O-O Nh5 24. Na4 Qb4 25. Qxh4 f5 $13) 22. h3 $5 {'!'
Winants.} (22. O-O Ng4 23. Nxg4 Bxg4 {Winants: 'conduisait а l'échange des
Dames.'} 24. Qxc5 dxc5 25. Rf4 Bd7 $132) (22. e5 Nd7 $1 (22... dxe5 $4 23. Nf5+
$18) 23. O-O dxe5 24. Ne4 Qb4 $15) 22... Nh5 (22... b4 23. O-O Kg8 $1 (23...
bxc3 24. Qxf6+ Kg8 25. Qxc3 $16) 24. Na4 Nxe4 $8 25. Qf4 Qd4 26. Rad1 Qe5 27.
Qxh4 {Winants: 'avec de nombreuses cases fortes (c4, b6) au profit des
Cavaliers blancs.'} f5 28. Nc4 $36) 23. O-O Ng3 $2 {Winants: 'La faute
décisive.'} (23... f5 $5 24. exf5 Bxf5 25. Nxf5+ Rxf5 26. Qxc5 dxc5 $11) ({
Il fallait essayer} 23... f5 {Winants}) 24. Qf6+ $1 Kg8 25. Rf3 $36 Bd7 (25...
b4 $5 26. Na4 Qxa5 27. Qxh4 $1 (27. Qxd6 Bb7 28. e5 (28. Qe7 $5 Qd8 29. Qxd8
Rbxd8 30. Nc5 $36) 28... Rbd8 29. Qb6 $14) 27... Ne2+ 28. Kh2 Nd4 29. Rf6 $40 {
/\} Nb3 30. Raf1 Qxa4 31. Qh6 Qe8 32. R1f4 Qe5 33. Rxg6+ fxg6 34. Qxf8+ Kh7 35.
Nc4 $18) 26. Qxh4 {Winants: 'Première récolte !'} b4 27. Rxg3 bxc3 28. bxc3
Qxc3 29. Rf1 Qe5 30. Kh2 {Winants: 'Menaçant Nc4, la fin est proche.'} ({
More energic was} 30. Nf5 $1 Rb4 31. Qg5 $5 (31. Ne7+ Kg7 32. Rxf7+ Kxf7 (32...
Rxf7 33. Rxg6+ Kf8 34. Rg8#) 33. Nxg6 Qxe4 34. Qh7+ Ke8 35. Nxf8 Qxh7 36. Nxh7
$18) 31... Bxf5 (31... Rxe4 $2 32. Nh6+ Kg7 33. Rxf7+ $1) 32. exf5 Qxd5 33.
fxg6 Qxg5 34. Rxg5 $18) 30... Rb4 31. Rf4 Re8 32. Rg5 Qe7 $2 (32... Qg7 $142 {
/\} 33. Nf5 Bxf5 34. exf5 Rxf4 (34... Qe5 {Winants} 35. Rgg4 Rxf4 36. Rxf4 Qxd5
37. Qg4 $1 Qd3 38. fxg6 Qxg6 (38... fxg6 39. Qd7) 39. Qxg6+ fxg6 40. Rf6 {
avec une fin de partie gagnée.}) 35. Qxf4 Qe5 36. Qg3 $5 $16) 33. Qh6 $18 {
/\Rh4,Rf7!} Rxe4 (33... Qf8 34. Rxg6+ fxg6 35. Rxf8+ Rxf8 36. Qxg6+ $18) 34.
Rxf7 $1 {'!!' Winants. Winants: 'et sur ce coup brillant Xie Jun déposa les
armes.'} (34. Rxf7 Qxf7 $8 (34... Kxf7 {Winants} 35. Qxg6+ Kf8 36. Qg8#) 35.
Rxg6+ Qxg6 36. Qxg6+ Kh8 37. Qxd6 {Winants: 'etc.'} (37. Nf1 $5 {[%cal Rf1g3] /
\Ng3}) 37... Bxh3 38. Qh6+ Kg8 39. Kxh3 Rxe3+ 40. g3 $18) 1-0

[Event "Jakarta Gunadarma"]
[Site "Jakarta"]
[Date "1996.??.??"]
[Round "5"]
[White "Adianto, Utut"]
[Black "Gunawan, Ruben"]
[Result "1-0"]
[WhiteElo "2605"]
[BlackElo "2425"]
[Annotator "Stohl,I"]
[PlyCount "55"]
[EventDate "1996.10.15"]
[EventType "tourn"]
[EventRounds "9"]
[EventCountry "INA"]
[EventCategory "13"]
[SourceTitle "CBM 056"]
[Source "ChessBase"]
[SourceDate "1997.02.01"]
[SourceVersion "1"]
[SourceVersionDate "1997.02.01"]
[SourceQuality "1"]

1. d4 {Ftacnik} Nf6 2. c4 g6 3. Nc3 Bg7 4. e4 d6 5. f3 O-O 6. Bg5 c5 7. d5 e6
8. Qd2 exd5 9. cxd5 a6 10. a4 Nbd7 $6 {It's been already proven long ago that
Black shouldn't let White transfer his N to the ideal square f2 so easily.} (
10... Re8 $142) 11. Nh3 $1 Re8 12. Be2 (12. Nf2 Qa5 (12... Rb8 13. Be2 Qc7 14.
O-O c4 15. a5 Ne5 16. f4 $6 Neg4 17. Bxg4 Nxg4 18. Nxg4 Bxg4 19. f5 Bxc3 20.
Qxc3 Rxe4 21. Kh1 Re5 22. fxg6 fxg6 23. Bf6 Rxd5 24. Rf4 Be6 25. Raf1 Rd3 26.
Qe1 Bd5 $17 {Martinez Martin,D-Fuchs,G/Cala Galdana WChJU-16/1996/}) 13. Be2 (
13. Ra3 Ne5 (13... Nb6 14. Be2 Nbd7 15. O-O Rb8 16. Rb1 Qc7 17. a5 b5 18. axb6
Rxb6 19. Rba1 Nb8 20. Qc2 $16 {Baklanova,T-Labuckas,A/Katowice op/1995/}) 14.
Be2 Qb4 15. O-O Bd7 16. Qc2 c4 17. Be3 Qa5 18. h3 Rac8 19. f4 Nd3 20. Bxd3 cxd3
21. Qxd3 Qb4 22. Qd2 Nh5 23. Kh2 Bxc3 24. Rxc3 Rxc3 25. bxc3 Qxa4 26. Bd4 Qc4
27. Re1 Ng7 28. f5 Rc8 29. Ng4 Bb5 30. Qh6 {1-0,Miton,K-Mieles,D/Cala Galdana
WChJU-12/1996/}) 13... b5 14. O-O bxa4 15. Rxa4 Qc7 16. Rfa1 Nb6 17. R4a2 Nfd7
18. Ng4 h5 19. Ne3 c4 20. Re1 Rb8 21. Kh1 Bb7 22. g4 Nf6 23. h3 hxg4 24. hxg4
Nh7 25. Bf4 Bf6 26. Kg2 Rbc8 27. Rh1 $36 {Jakobsen,O-Pedersen,E/DEN-ch Tarnby/
1983/}) 12... Ne5 (12... Qa5 13. O-O h5 14. Nf2 Rb8 15. Kh1 Qc7 16. Be3 Nh7 17.
Rfc1 Ne5 18. a5 Qe7 19. Na4 Nd7 20. Rab1 b5 21. axb6 Nxb6 22. Nxb6 Rxb6 23. b4
Qb7 24. Nd3 f5 25. Qc2 fxe4 26. fxe4 Qe7 27. Bf3 $16 {Gulko,B-Suetin,A/
Moscow-ch/1982/}) 13. Nf2 Qc7 14. O-O Rb8 15. Bxf6 $5 {A fresh new idea. White
gives up his proud B, but gaines some tempi and develops a strong K-side
attack.} (15. Rfc1 Qa5 16. Ncd1 $14 {with play on the other flank was also
possible.}) 15... Bxf6 16. f4 Nd7 17. e5 $1 dxe5 (17... Bg7 18. Nfe4 dxe5 19.
d6 Qd8 20. f5 {-17...de5}) (17... Be7 18. Nfe4 $16) 18. d6 Qd8 19. Nfe4 Bg7 $6
{This passive move allows White to get a stong bind on the K-side.} (19... exf4
$142 $5 20. Nxf6+ (20. Qxf4 Bd4+ 21. Kh1 f5 22. Bc4+ Kg7 23. Ng5 Be3 $1 $19)
20... Qxf6 21. Rxf4 Qg5 $13) 20. f5 $40 gxf5 $6 (20... Nf6 $142 21. fxg6 hxg6
22. Nxf6+ Bxf6 23. Ne4 Bh4 24. Bc4 Be6 25. Bxe6 Rxe6 26. g3 Bf6 (26... f5 27.
Qd5 $18) 27. Qf2 Kg7 28. g4 Rxd6 $5 29. g5 Bxg5 30. Qxf7+ Kh8 $16 {<=>}) (20...
Nf8 $2 21. f6 Bh8 22. Nd5 $18) 21. Rxf5 Nf8 22. Raf1 $1 $40 {A nice positional
sacrifice. Without the white-squared B it will be very difficult to defend the
K.} Bxf5 23. Rxf5 Ne6 $2 {Now White wins by force.} (23... f6 $142 $8 24. Nd5
Nd7 25. Rh5 {[%cal Re2g4,Rg4f5] /\Bg4-f5+-}) 24. Nd5 $18 Nd4 (24... Rf8 $1 {
Ftacnik} 25. Ndf6+ Bxf6 26. Nxf6+ Kg7 $13) 25. Ndf6+ Kh8 (25... Bxf6 26. Nxf6+
Kg7 27. Qg5+ Kh8 28. Qh6) (25... Kf8 26. Nxh7+ Kg8 27. Nef6+ Kh8 28. Rh5 Nxe2+
29. Kh1 Nf4 30. Ng5+ $1 Nxh5 31. Nxf7#) 26. Rh5 Nxe2+ 27. Kf1 Bxf6 (27... Qxf6+
28. Nxf6 Bxf6 29. Qh6 Kg8 30. Qxh7+ $1 Kf8 31. Rg5 $1 $18) (27... h6 28. Rxh6+)
28. Qh6 (28. Qh6 Kg8 29. Qxh7+ (29. Nxf6+ Qxf6+ 30. Qxf6 Nf4 31. Rf5 $18) 29...
Kf8 30. Rg5 $1 Qxd6 $8 31. Nxd6 $18) 1-0

[Event "Hastings 9394"]
[Site "Hastings"]
[Date "1993.??.??"]
[Round "6"]
[White "Sadler, Matthew D"]
[Black "Arakhamia Grant, Ketevan"]
[Result "0-1"]
[WhiteElo "2535"]
[BlackElo "2440"]
[Annotator "Stohl,I"]
[PlyCount "62"]
[EventDate "1993.12.??"]
[EventType "tourn"]
[EventRounds "9"]
[EventCountry "ENG"]
[EventCategory "12"]
[SourceTitle "CBM 039"]
[Source "ChessBase"]
[SourceDate "1994.04.01"]
[SourceVersion "1"]
[SourceVersionDate "1994.04.01"]
[SourceQuality "1"]

1. d4 {Ftacnik} Nf6 2. c4 g6 3. Nc3 Bg7 4. e4 d6 5. f3 O-O 6. Bg5 c5 7. d5 e6
8. Qd2 exd5 9. cxd5 b6 $5 (9... Na6 10. Nge2 Nc7 11. a4 a6 12. a5 Nb5 13. Na4
Rb8 14. g3 h6 15. Be3 Nd7 16. Bg2 Ne5 17. Nb6 Bh3 18. O-O Bxg2 19. Kxg2 Kh7 20.
Ra4 $14 {Varga,Z-Soos,B/Budapest/1993/}) (9... h6 10. Be3 (10. Bxh6 $6 Nxe4 11.
Nxe4 Qh4+ 12. g3 Qxh6 13. Qxh6 Bxh6 14. Nxd6 Nd7 $44) 10... h5 11. Nge2 Nbd7
12. Nc1 Nh7 13. Be2 Ne5 14. Nb3 f5 15. O-O a6 16. Kh1 b5 17. exf5 Bxf5 18. a4
Nc4 19. Bxc4 bxc4 20. Nc1 Rb8 $13 {Dao Thien,H-Schaefer,Ma/Muenster/1993/}) (
9... Bd7 $5 10. a4 Na6 11. Nge2 (11. Bc4 Nb4 12. Nge2 a6 13. a5 Bb5 $1 14. b3
h6 15. Bf4 Nh5 16. Be3 f5 17. Ra3 f4 18. Bf2 Bd7 19. O-O g5 20. h3 Qf6 $15 {
->>>/Ionescu,Co-Wahls,M/Novi Sad/1990/}) 11... Nb4 12. Ng3 h6 13. Be3 h5 (13...
Re8 14. Bc4 b6 15. O-O Kh7 16. h3 a6 17. f4 $6 b5 18. axb5 axb5 19. Rxa8 Qxa8
20. Bb3 c4 21. Bd1 Nd3 $36 {Markmann,U-Schlueter,W/2BLW 9091/1990/}) 14. Bc4 a6
15. O-O Re8 16. Bg5 Qc7 17. Kh1 Nh7 18. Bh4 b6 19. f4 Rab8 20. f5 b5 $13 {
Shevelev,S-Prie,E/Hyeres op/1992/}) (9... a6 {Ftacnik} 10. a4 h6 11. Be3 (11.
Bxh6 $2 Nxe4 $1 12. Nxe4 Qh4+) 11... Nh7 12. Bd3 Nd7 13. Nh3 Ne5 14. Nf2 Nxd3+
15. Nxd3 Bd7 16. O-O h5 17. Rab1 b5 $10 {Ionescu,Co-Ardelenu,A/Bucharest/1993/}
) 10. a4 (10. Nge2 Ba6 11. a4 Nbd7 12. Nb5 h6 13. Bxh6 Nxe4 $1 14. fxe4 Qh4+
15. g3 Qxh6 16. Qxh6 Bxh6 17. Nxd6 Ne5 18. Nf4 Bxf1 19. Rxf1 a6 $17 {פd6/
Costa,JL-Schlosser,P/Mitropa-Cup/1990/}) 10... Na6 11. Nh3 $146 (11. Nge2 Nb4
12. Ng3 a6 13. Be2 Qc7 14. O-O Ne8 15. Kh1 f5 16. Bc4 Qf7 17. exf5 Bxf5 18.
Rae1 Ra7 19. Re6 $1 $36 {Hoyer,T-Stippekohl,P/2BLN 8889/1989/}) 11... Nb4 (
11... Bxh3 12. Bxa6 $14) 12. Nf2 h6 13. Be3 (13. Bxh6 $2 {Ftacnik} Bxh6 14.
Qxh6 Nc2+ $19) 13... h5 14. Bb5 Ba6 (14... a6 $5 15. Bc4 Bd7 16. O-O Rb8 $132)
15. O-O Bxb5 16. axb5 a6 17. bxa6 (17. Ra3 $5 axb5 18. Rxa8 Qxa8 19. Nxb5 $36)
17... Nxa6 18. Ra3 (18. Nb5 Qd7 19. Qe2 Nc7 20. Nxc7 Qxc7 21. Qb5 Ra5 $10) (18.
Bh6 $5 $13) 18... Nc7 19. Rfa1 Rxa3 20. Rxa3 b5 {?! Ftacnik} 21. e5 $8 (21. Ra7
b4 {/\Nb5|^}) 21... dxe5 (21... Nfe8 $2 22. exd6 Qxd6 23. Nfe4 $18) (21... b4 {
Ftacnik} 22. exf6 bxc3 23. bxc3 Qxf6 24. Ne4 Qf5 25. c4 Rd8 26. Ra7 $16) 22.
Bxc5 Re8 $13 23. d6 Ne6 24. Bb4 (24. b4 $2 Nxc5 25. bxc5 b4) 24... Nd4 25. Nfe4
(25. Ra7 $2 Nc6 $17) 25... Nxe4 26. Nxe4 (26. fxe4 $6 Bf8 27. Ra6 Re6 $17 {
/\Bd6}) 26... f5 27. Nc3 e4 $5 $132 (27... Bf8 28. Nxb5 $1 Nxb5 29. Qd5+ $16)
28. fxe4 fxe4 {/\e3} 29. Nd5 (29. Nxb5 e3 $1 $36) 29... Rf8 30. Bc5 $2 {
?? Ftacnik} (30. Ne7+ Kh7 31. Bc5 b4 $5 $132 {/\} (31... Ne6 {Ftacnik} 32. b4
Qe8 33. Rb3 Qf7 34. Rb1 $10) (31... Nf5 32. Ra7 Nxe7 33. dxe7 $1 Qxd2 34.
exf8=Q Qc1+ 35. Kf2 (35. Qf1 $2 Qxc5+ 36. Qf2 e3 $19) 35... Qd2+ 36. Kg3 Qg5+
$10) 32. Bxb4 $2 Qb6) 30... Qg5 $1 $19 31. Nf6+ (31. Qxg5 Ne2+ 32. Kh1 Rf1+ $19
) (31. Ne7+ Kh7 $19 {/\Qc5,Qd2}) 31... Rxf6 (31... Rxf6 32. Qxd4 Qc1+) 0-1

[Event "RUS-Cup final"]
[Site "Ekaterinburg"]
[Date "1999.??.??"]
[Round "6"]
[White "Yevseev, Denis"]
[Black "Voitsekhovsky, Stanislav"]
[Result "0-1"]
[WhiteElo "2503"]
[BlackElo "2558"]
[Annotator "Stohl,I"]
[PlyCount "66"]
[EventDate "1999.08.28"]
[EventType "tourn"]
[EventRounds "11"]
[EventCountry "RUS"]
[EventCategory "11"]
[SourceTitle "CBM 075"]
[Source "ChessBase"]
[SourceDate "2000.04.05"]
[SourceVersion "1"]
[SourceVersionDate "2000.04.05"]
[SourceQuality "1"]

1. d4 Nf6 2. c4 g6 3. Nc3 Bg7 4. e4 d6 5. f3 O-O 6. Nge2 c5 7. d5 e6 8. Ng3
exd5 9. cxd5 Nh5 $1 {As has already been pointed out by Danny King in CBM,
this surprising move aims to pin-point the gaping dark-square holes in White's
position at any cost. Although Black's pawns will be a mess, his active pieces
can balance this drawback.} 10. Nxh5 gxh5 11. Bd3 (11. Be3 f5 12. Qd2 fxe4 13.
Nxe4 (13. fxe4 $2 Bxc3 (13... Nd7 $5) 14. bxc3 Qh4+ 15. g3 Qxe4 16. Bg2 Qg6 $15
) 13... Bf5 14. Bd3 Nd7 $132) 11... f5 12. O-O (12. exf5 Bxf5 13. O-O Na6 14.
Bxa6 (14. Be4 $142 $5 Bxe4 15. Nxe4 Rf5 $13) 14... bxa6 15. Be3 Rb8 16. Qd2 Qf6
17. Rac1 Qg6 18. b3 h4 19. Ne2 Bd3 20. Nf4 Rxf4 21. Bxf4 Bxf1 22. Kxf1 h3 23.
g3 Rf8 24. Re1 Be5 25. Bxe5 Rxf3+ 26. Kg1 dxe5 27. Rxe5 Rxg3+ $11 {Ward,
C-Mortensen,E/Copenhagen/1999/}) 12... Na6 {A useful developing move keeps the
tension.} (12... f4 $143 13. Ne2 Be5 14. g3 fxg3 15. hxg3 h4 16. g4 h3 17. Qe1
$1 $14 (17. g5 Bxb2 $5 18. Bxb2 Qxg5+ 19. Kf2 Bg4 $36)) 13. Bf4 $2 {This loses
material by force, but Yevseev only repeats Dreev's year old mistake. Or did
he rely on his 17-th move?} (13. a3 Bd7 14. Qc2 Qf6 15. Kh1 Rac8 16. Be3 c4 17.
Be2 b5 18. f4 (18. Bxa7 Nc5 19. Rad1 Kh8 (19... f4 $5 $44 {Glek}) 20. Bxc5 Rxc5
21. f4 h4 22. Bf3 Rcc8 23. exf5 Bxf5 24. Be4 Bd7 {Chernin,A-Glek,I/BL-2W 9899/
1999/} 25. Rf2 $14) 18... Nc5 19. e5 dxe5 20. fxe5 Qxe5 21. Bf4 Qf6 22. d6 Kh8
23. Rad1 $13 {1/2,Khenkin,I-David,A/FRA-chT/1999/}) 13... fxe4 14. fxe4 c4 $1
15. Bxc4 Qb6+ 16. Kh1 Qxb2 17. Qxh5 $146 (17. Bxd6 Bg4 $1 18. Qb3 Bxc3 19. Qxb2
Bxb2 20. Rae1 Rxf1+ 21. Bxf1 Bd4 22. h3 {1/2,Dreev,A-Shchekachev,A/St
Petersburg/1998/} Bd7 $17) 17... Qxc3 (17... Rxf4 $2 18. Rxf4 Qxa1+ 19. Rf1
Qxf1+ (19... Qxc3 20. Qf7+ Kh8 21. Qe8+) 20. Bxf1 Bxc3 21. Qe8+ Kg7 22. Bxa6
bxa6 23. Qc6 $18) 18. Bxd6 Bg4 $1 {[] Again this motive saves Black.} (18...
Qxc4 19. Bxf8 Bxa1 20. Qf7+ Kh8 21. Bg7+ Bxg7 22. Qe8+ $18) (18... Rxf1+ 19.
Rxf1 Bf5 $5 (19... h6 20. Bf8 $5 Bd7 21. Bxg7 Qxg7 22. d6+ Kh8 23. Rf7 Be8 24.
Rxg7 Bxh5 25. Rxb7 Nc5 26. Rb5 $18 Rc8 27. Rxc5 $1 Rxc5 28. d7) 20. Qxf5 (20.
Bxa6 Bg6 $15) 20... Qxc4 21. Be5 $1 Qxf1+ (21... Bxe5 22. Qe6+ Kh8 23. Qxe5+
$40) 22. Qxf1 Bxe5 23. Qf5 Re8 24. d6 $1 $16) 19. Qxg4 (19. Rxf8+ $2 Rxf8 $19)
19... Rxf1+ 20. Rxf1 Qxc4 21. Qf5 {It seems that with 2 pawns for the piece
White has some attacking chances, but Black consolidates coldbloodedly and
very quickly.} (21. Qf4 Nc5 $1 {/\} 22. Rc1 Qxe4 23. Rxc5 $2 Qe1+ $19) 21...
Nc5 $1 22. Bxc5 {Now the attack passes to Black.} (22. Re1 Nd3 (22... Re8 $6
23. Rf1 Kh8 24. Qf7 Rxe4 25. Bf8 Qd4 26. Qc7 Nd3 27. Bxg7+ Qxg7 28. Qd8+ Qg8
29. Qf6+ $11) 23. Rf1 Kh8 $17) 22... Qxc5 23. Qf7+ Kh8 24. Qxb7 Rg8 $1 25. h3
Qc4 26. Qb1 Be5 $19 {[%csl Ge5] White's pawns are stopped and the Be5 rules
supreme.} 27. Rf3 (27. Rf2 Qc3 28. Rf3 Qd2 $19) 27... Qe2 28. Qg1 (28. Qf1 Qxe4
$19 (28... Qxa2 $19)) 28... a5 29. Qf1 Qxa2 30. Rf7 (30. Rf8 Qd2 {[%csl Ga5,
Rh1] עh1,o^a5}) 30... Qd2 31. Re7 Qg5 32. Ra7 Qg3 33. Qg1 Rf8 {[%cal Rf8f1] /
\Rf1} 0-1

[Event "Belgrade GMA op"]
[Site "Belgrade"]
[Date "1988.??.??"]
[Round "?"]
[White "Xu, Jun"]
[Black "Shabalov, Alexander"]
[Result "1/2-1/2"]
[WhiteElo "2505"]
[BlackElo "2430"]
[Annotator "Stohl,I"]
[PlyCount "83"]
[EventDate "1988.12.??"]
[EventType "swiss"]
[EventRounds "9"]
[EventCountry "YUG"]
[SourceTitle "TD"]
[Source "ChessBase"]
[SourceDate "1994.03.01"]
[SourceVersion "1"]
[SourceVersionDate "1994.03.01"]
[SourceQuality "1"]

1. d4 Nf6 2. c4 c5 3. d5 e6 4. Nc3 exd5 5. cxd5 d6 6. e4 g6 7. f3 (7. Nf3) (7.
f4) 7... Bg7 8. Bg5 h6 (8... O-O) 9. Be3 O-O 10. Qd2 h5 (10... Re8) 11. a4 (11.
Nge2) 11... Re8 (11... Nh7 $5 $13) 12. Nge2 Nbd7 13. Nd1 Ne5 14. Nec3 Nh7 15.
Be2 f5 16. O-O Nf7 17. Nf2 g5 (17... a6 $1 18. Rae1 (18. a5 $6 g5 $132 {><a5})
18... Rb8 $13) 18. exf5 Bxf5 19. Rae1 a6 20. Kh1 Rb8 21. Bd3 Bxd3 22. Nxd3 b5
23. axb5 axb5 24. Ne4 b4 $1 $8 25. Ng3 c4 $10 26. Nf2 $2 (26. Nxb4 Rxe3 27.
Rxe3 (27. Nc6 $10) 27... Qa5 28. Nc6 (28. Nf5 $2 Bf8) 28... Qxd2 29. Ne7+ $10)
26... c3 $17 27. Qc2 $6 (27. bxc3 Bxc3 28. Qc2 Bxe1 (28... Ne5 29. Bd2 $14) 29.
Qg6+ Kh8 (29... Kf8 30. Bd4 Ne5 (30... Bxf2 31. Qg7+ Ke7 32. Nf5+ $18) 31. Qxh7
{/\Nh5+-}) 30. Bd4+ (30. Rxe1 Qf6 {/\ R e3}) 30... Ne5 31. Rxe1 Qf6 32. Qxh5 b3
33. Ng4 Qf4 $17) 27... b3 28. Qg6 Ne5 $1 29. Qxh5 Nf6 30. Qh3 (30. Qxg5 Nxd5
31. Qxd8 Rexd8 32. Bd4 Nc4 $17) 30... Nxd5 31. Nf5 Nxe3 $6 (31... cxb2 $19) 32.
Rxe3 cxb2 33. Ng4 Nxg4 $2 $138 (33... Ra8 34. Nxg7 Ra1 35. Ree1 Rxe1 36. Rxe1
Nxg4 $1 $19) 34. fxg4 Rxe3 35. Qxe3 Qf6 36. Qd3 $8 (36. Ne7+ Kf7 $1) 36... Qe5
37. Nxd6 Qd4 38. Qg6 $10 b1=Q 39. Rxb1 Rd8 40. Qe6+ Kh7 41. Qf5+ Kg8 42. Qe6+
1/2-1/2